000 00635nam a2200289Ia 4500
005 20260324112324.0
008 008 260324s9999 xx 000 0 eng d
020 _a9780367824334
037 _aEBOOK
040 _aCRL
040 _beng
040 _cCRL
041 _2eng
041 _aeng
084 _qCRL
100 _asissy lykou
_91142213
245 0 _aTherapy
245 4 _bThe Basics
260 _bTaylor and Francis
260 _c2024
365 _a
365 _b220
856 _uhttp://www.taylorfrancis.com/books/9780367824334
942 _cEBOOK
999 _c1731373
_d1731373